000 00592nam a2200229 a 4500
001 nice12345678
003 IN_TiNIC
005 20260116012556.0
008 050524s1988 muma grp 000 0 eng
020 _a
_c100
082 0 0 _a291.172
_bSIN2
100 _aSingh, Karan
245 _aHumanity at the Crossroad
_b Inter-Cultural Dialogue
260 _aMumbai
_bOxford University Presss
_c1988
300 _a132p
500 _aincludes index and biblioraphy
505 2 _aIndex
650 _aInterfaith Dialogue-Hindu Buddhist
902 _bSRS
942 _cBK
999 _c7515
_d7515